Polscy Filozofowie - Nagła Śmierć - Statystyki

Ogólne statystyki
  • Ten quiz został rozwiązany 180 razy
  • Średni wynik to 5 z 15
Answers on the Grid
Answers color-coded by a green-red scale on the quiz's grid according to % correct below.
Adam Heydel
Adam Mickiewicz
Alfred Tarski
August Cieszkowski
August Comte
Ayn Rand
Czesław Niemen
Dawid Hume
Edmund Husserl
Frank Chodorov
Hannah Arendt
Jan Łukasiewicz
Józef Maria Bocheński
Józef Maria Hoene-Wroński
Józef Tischner
Juliusz Słowacki
Karol Marks
Karol Wojtyła
Kazimierz Ajdukiewicz
Kazimierz Twardowski
Lech Wałęsa
Leszek Kołakowski
Ludwik Wittgenstein
Martin Buber
Roman Ingarden
Święty Tomasz
Tadeusz Kotarbiński
Tomasz Hobbes
Zygmunt Bauman
Zygmunt Freud
 
Statystyki odpowiedzi
Odpowiedź % Poprawnych
Adam Mickiewicz
44%
Józef Tischner
43%
Karol Wojtyła
40%
Alfred Tarski
39%
Kazimierz Twardowski
35%
Leszek Kołakowski
35%
Zygmunt Bauman
34%
Tadeusz Kotarbiński
32%
August Cieszkowski
30%
Kazimierz Ajdukiewicz
29%
Józef Maria Bocheński
26%
Józef Maria Hoene-Wroński
24%
Jan Łukasiewicz
23%
Roman Ingarden
20%
Juliusz Słowacki
19%
Nie znaleziono quizów pasujących do podanych kryteriów
Rozkład punktacji
Procent ludzi z każdym wynikiem
Percentyl według liczby udzielonych odpowiedzi
Twoja historia wyników
Nie rozwiązałeś tego quizu